Statistics for Hambrooks Trees

Click here to take the quiz!

General Stats

  • This quiz has been taken 3 times
  • The average score is 10 of 12

Answer Stats

EnglishLatin% Correct
Silver BirchBetula pendula
100%
HawthorneCrataegus monogyna
100%
BeechFagus sylvatica
100%
Scots PinePinus sylvestris
100%
Lombardy PoplarPopulus nigra Italica
100%
Cherry LaurelPrunus laurocerasus
100%
English OakQuercus robur
100%
RoseRosa
100%
ElderSambucus nigra
100%
YewTaxus baccata
50%
Irish YewTaxus baccata fastigiata
50%
SycamoreAcer pseudoplatanus
0%

Score Distribution

Percentile by Number Answered

Percent of People with Each Score

Your Score History

You have not taken this quiz